| 000 | 01129cam a2200241 4500 | ||
|---|---|---|---|
| 001 | ABS66410 | ||
| 008 | 030303n2003 000 0 eng u | ||
| 035 | _a(Sirsi) u121480 | ||
| 100 | _aHartley, P. | ||
| 245 | _aRepairing historic brickwork | ||
| 260 | _c2003 | ||
| 490 |
_aRICS Building Conservation Journal _v (32) Winter 2002/03, 7-11(5) |
||
| 520 | _aCovers the materials and techniques used for repairing historic brickwork. Highlights the processes used in manufacturing bricks and the specification of repair materials, whether new or reclaimed bricks. Looks at the specification of repair techniques such as the use of replacement bricks, cutting out, the insertion of replacement bricks, reversing bricks, using brick slips, mortar repair techniques, grouting, cleaning, repointing, rebuilding and rubbing bricks. Diagrams. | ||
| 590 | _aABS | ||
| 650 | _aGROUTING | ||
| 650 | _aREPOINTING | ||
| 650 | _aMORTARS | ||
| 650 | _aBRICKWORK | ||
| 650 | _aBRICK SLIPS | ||
| 650 | _aHISTORIC BUILDINGS | ||
| 690 | _aBUILT ENVIRONMENT-BUILDING MAINTENANCE AND REFURBISHMENT-BUILDING CONSERVATION | ||
| 942 | _n0 | ||
| 999 |
_c72193 _d72193 |
||